000 00500cam a2200145 4500
082 0 0 _a940.5477852
_bCOO
_cL-30 P-120
100 1 _aCoox, Alvin D.
_948980
245 1 0 _aJapan: the final agony
_c[by Alvin D. Coox.
260 _aNew York]
_bB[allantine] B[ooks,
_c1970]
300 _a159, [1] p.
_billus., maps, ports.
_c21 cm.
490 0 _aBallantine's illustrated history of World War II. Campaign book
526 _a0
_b0
_c0
_d940_547785200000000_COO
650 0 _aMCE
_zJapan.
_948981
942 _2ddc
_cBK
999 _c551823
_d551823